| 000 | 00549nam a22001457a 4500 | ||
|---|---|---|---|
| 008 | 150320b xxu||||| |||| 00| 0 eng d | ||
| 020 | _a9789977129723 | ||
| 082 |
_a199.492 _bM 938a |
||
| 100 |
_aMoya Bedoya, Juan Diego _92268 |
||
| 245 |
_aLa agonia de la preternaturalidad la confutacion Spinoziana del milagro _cJuan Diego Moya Bedoya |
||
| 260 |
_aSan Jose, C.R. _bEditorial Arlekin _c2007 |
||
| 300 |
_a504 p. _c21.5 cm |
||
| 650 |
_xSpinoza, Benedictus de, _xOntología _xMilagros _xFilosofía y religión _92269 |
||
| 700 |
_aJuan Diego Moya Bedoya _92270 |
||
| 999 |
_c476 _d476 |
||